Evolución de las ciencias en la Argentina: 1923-1972 /

Detalles Bibliográficos
Autor principal: Alvarez, Jose
Formato: Libro
Publicado: Buenos Aires : Sociedad científica argentina, 1976.
Materias:
Etiquetas: Agregar Etiqueta
Sin Etiquetas, Sea el primero en etiquetar este registro!

MARC

LEADER 00000nam a22000004a 4500
001 AR-BbUGT1858
003 AR-BbUGT
005 20181220001605.0
007 ta
008 061101t1976 ||| |0|||0| d
040 |a AR-BbUGT  |b spa  |c AR-BbUGT 
082 0 4 |a 509.82 
100 1 |a Alvarez, Jose. 
245 1 0 |a Evolución de las ciencias en la Argentina:   |b 1923-1972 /   |c José Alvarez. 
260 |a Buenos Aires :   |b Sociedad científica argentina,   |c 1976. 
300 |a v. 
500 |a La biblioteca posee v.5:Meteorología, oceanografía y radiopropagación. 
653 |a Ciencia 
653 |a Argentina 
653 |a Meteorología 
653 |a Oceanografía 
653 |a Radiopropagación 
942 |c BK  |h 509.82  |i AL85  |m D  |2 ddc  |6 509_820000000000000_AL85 
999 |c 9563  |d 9563